US States Bunker Quiz Stats

 Plays Quiz Updated Jun 20, 2015

Also try: Geography Bunker
Challenge
Share
Tweet
Embed
Score 0/15 Timer 05:00
10 Plays Today
Clue Answer % Correct
????
100%
????
96.5%
????
93.5%
????
92.4%
????
86.1%
????
39.7%
????
26.3%
????
23.4%
Clue Answer % Correct
????
20.1%
????
13.5%
????
9.8%
????
9.1%
????
7.1%
????
4.9%
????
2.6%

You're not logged in!

Compare scores with friends on all Sporcle quizzes.
OR
Log In

You Might Also Like...

Show Comments

Extras

Top Quizzes Today


Score Distribution

Your Account Isn't Verified!

In order to create a playlist on Sporcle, you need to verify the email address you used during registration. Go to your Sporcle Settings to finish the process.

Report this User

Report this user for behavior that violates our Community Guidelines.

Details: